| 000 | 00915cam a22002771 4500 | ||
|---|---|---|---|
| 001 | 11799 | ||
| 003 | BD-RjUL | ||
| 005 | 20211208235202.0 | ||
| 008 | 140127s1962 enka 001 0 eng | ||
| 035 | _a(BD-RjUL)11848 | ||
| 035 | _a(OCoLC)2549063 | ||
| 040 |
_aDLC _cO _dOCoLC _dNAlU _dUk _dDLC _beng |
||
| 041 | 1 |
_aeng _hnor |
|
| 082 |
_a914.717 _bVOL 1962 |
||
| 100 | 1 |
_aVorren, Ørnulv. _936537 |
|
| 245 | 1 | 0 |
_aLapp life and customs : _ba survey / _c[by] Ørnulv Vorren and Ernst Manker. Translated from the Norwegian by Kathleen McFarlane. |
| 260 |
_aLondon : _aNew York : _bOxford University Press, _c1962. |
||
| 300 |
_a183 p. _billus. _c23 cm. |
||
| 500 | _aTranslation of Samekulturen. | ||
| 504 | _aIncludes index | ||
| 650 | 0 |
_aSami (European people) _936538 |
|
| 700 | 1 |
_aManker, Ernst Mauritz, _d1893-1972, _ejoint author. _936539 |
|
| 942 |
_2ddc _cBK |
||
| 999 |
_c11799 _d11799 |
||